Tiger Quiz - Statistics

General Stats
  • This quiz has been taken 94 times
  • The average score is 3 of 10
Answers on the Grid
Answers color-coded by a green-red scale on the quiz's grid according to % correct below.
The largest cat
Has the longest canine teeth of any terrestrial carnivore
Is listed as a vulnerable species by the IUCN Red List
Feeds on deer, pigs, and cattle
Can taste sweet things
If you were to shave its fur, its skin would still be striped
Can be found in the wild in Japan
What Bagheera was in The Jungle Book
Inhabits forests, wetlands, and grasslands
There are more in captivity than in the wild
Jasmine's pet Rajah from Aladdin
Roar can be heard three miles away
Saber-tooth tigers were real
Bones, teeth, claws, and whiskers have medicinal properties
Kills hundreds of people every year
The Champawat Tigress killed around 400 people
 
Answer Stats
Answer % Correct
The largest cat
83%
Feeds on deer, pigs, and cattle
41%
If you were to shave its fur, its skin would still be striped
37%
Jasmine's pet Rajah from Aladdin
37%
Inhabits forests, wetlands, and grasslands
34%
There are more in captivity than in the wild
29%
Roar can be heard three miles away
24%
The Champawat Tigress killed around 400 people
22%
Has the longest canine teeth of any terrestrial carnivore
20%
Kills hundreds of people every year
10%
No matching quizzes found
Score Distribution
Percent of People with Each Score
Percentile by Number Answered
Your Score History
You have not taken this quiz